000 00514nam a2200181Ia 4500
005 20250326124410.0
008 250326s9999 xx 000 0 und d
037 _aTextbook
040 _aFMSL
_beng
_cFMSL
041 _aeng
_2eng
084 _aX:75 L7;4
_qFMSL
100 _aLee T A
245 0 _aPrivate shareholder and corporate report
_cLee T A
260 _aLondon
_bLondon, Institute of Chartered Accountants
_c1977
300 _a177p
942 _cTB
_hX:75 L7;4
999 _c1273560
_d1273560